00386nam a2200121 a 4500008004100000050002300041110004700064245004900111260006100160300000800221350000900229650002600238101216s2010 ||||||||||||||||| || u aGOV.ZAM(02)2010/8A aGovernment of the Republic of Zambia (GRZ)10aPublic Service Management Project Guide 2010 aLusakabGovernment of the Republic of Zambia (GRZ)c2010 a7p. a0.00 aCIVIL SERVICE--ZAMBIA